|
|
|
|
| LEADER |
00000ny a22000003n 4500 |
| 005 |
2011062208188.0 |
| 008 |
030325s2002 sp s 001 0 spa c |
| 017 |
|
|
|a D.L. M18292-2002
|
| 020 |
|
|
|a 9788484940388
|
| 035 |
|
|
|a 435
|
| 040 |
|
|
|a SpMaUCDE
|d vlex
|
| 080 |
|
|
|a 336.2(460):353
|
| 090 |
|
|
|c 1241
|d 1241
|
| 245 |
0 |
0 |
|a Tributos locales
|h [Recurso electrn̤ico] :
|b El impuesto sobre el incremento de valor de los terrenos de naturaleza urbana /
|c Fernando Casana Merino, Francisco âAlvarez Arroyo
|
| 256 |
|
|
|a Servicio en ln̕ea
|
| 260 |
|
|
|a [Madrid] :
|b EDERSA,
|c D.L. 2002
|
| 300 |
|
|
|a 323 p. ;
|c 25 cm
|
| 490 |
1 |
|
|a Leyes tributarias comentadas
|
| 505 |
0 |
|
|a Contiene: El impuesto sobre el incremento de valor de los terrenos de naturaleza urbana. El impuesto sobre vehc̕ulos de traccin̤ mecǹica. El impuesto sobre construcciones, instalaciones y obras
|
| 506 |
1 |
|
|a Contenido solo disponible en los productos indicados
|d vLex Global
|d vLex Global (Academic Edition, excluding Law Schools)
|d vLex Global (U.S. Academic Edition, Law Schools)
|d vLex Global (U.S. Academic Edition, excluding Law Schools)
|d vLex Global (Academic Edition, Law Schools)
|
| 650 |
0 |
7 |
|a Tributario
|2 Tesauro vLex
|
| 650 |
0 |
7 |
|a Impuestos
|2 Tesauro vLex
|
| 650 |
0 |
7 |
|a Impuestos locales
|2 Tesauro vLex
|
| 650 |
0 |
7 |
|a Derecho tributario
|2 Tesauro vLex
|
| 700 |
1 |
|
|a Casana Merino, Fernando
|
| 700 |
1 |
|
|a ℓlvarez Arroyo, Francisco
|
| 740 |
0 |
|
|a vLex Libros (Servicios en ln̕ea)
|
| 830 |
|
0 |
|a Leyes tributarias comentadas (Editoriales de Derecho Reunidas)
|
| 856 |
4 |
0 |
|u http://vlex.com/source/tributos-locales-435
|z Acceso restringido
|
| 942 |
|
|
|c BOOK
|